Meerkats - Statistics

General Stats
  • This quiz has been taken 17 times
  • The average score is 4 of 10
Answer Stats
Question Answer % Correct
What continent are meerkats native to? Africa
100%
What is the average size of an adult meerkat? 25-30 CM (10-12 inches)
50%
What is the average lifespan of a wild meerkat? 5-7 years
50%
What is the name of the desert where wild meerkats are commonly found? Kalahari Desert
50%
What is the conservation status of meerkats in the wild? Least Concern
50%
How do they defend themselves if they can't run from the predator? They play dead
50%
What is a group of meerkats called? Mob
25%
Who is the boss of the meerkats? Oldest female
25%
What is there scientific name? Suricata Suricatta
25%
How deep roughly do meerkats dig their tunnels? 1 meter (3 feet)
0%
No matching quizzes found
Score Distribution
Percent of People with Each Score
Percentile by Number Answered
Your Score History
You have not taken this quiz